<?xml version="1.0" encoding="UTF-8"?>
<collection xmlns="http://www.loc.gov/MARC21/slim">
 <record>
  <leader>01608nam a2200193Ia 4500</leader>
  <controlfield tag="001">CTU_138058</controlfield>
  <controlfield tag="008">210402s9999    xx            000 0 und d</controlfield>
  <datafield tag="082" ind1=" " ind2=" ">
   <subfield code="a">536.2</subfield>
  </datafield>
  <datafield tag="082" ind1=" " ind2=" ">
   <subfield code="b">H236</subfield>
  </datafield>
  <datafield tag="245" ind1=" " ind2="0">
   <subfield code="a">Handbook of numerical heat transfer</subfield>
  </datafield>
  <datafield tag="245" ind1=" " ind2="0">
   <subfield code="c">Edited by W.J. Minkowycz, E.M. Sparrow, J.Y. Murthy ; with editorial assistance by John P. Abraham</subfield>
  </datafield>
  <datafield tag="260" ind1=" " ind2=" ">
   <subfield code="a">Hoboken, N.J.</subfield>
  </datafield>
  <datafield tag="260" ind1=" " ind2=" ">
   <subfield code="b">John Wiley &amp; Sons</subfield>
  </datafield>
  <datafield tag="260" ind1=" " ind2=" ">
   <subfield code="c">2006</subfield>
  </datafield>
  <datafield tag="520" ind1=" " ind2=" ">
   <subfield code="a">This is a complete revision of a well respected reference which covers the basic equations for numerical method calculations as applied to heat transfer problems and apply these to problems encountered in aerospace, nuclear/power, chemical process, electronic packaging other related areas of mechanical engineering. As with the first edition, the handbook presents a comprehensive but accessible coverage of the necessary formulations, numerical schemes, and innovative solution techniques for solving problems of heat and mass transfer and related fluid flows. The contents are grouped by major sets of methods and functions, with the text describing new and improved, as well as standard, procedures. The contributions, written by leading authorities in the field, cover parabolic systems, hyperbolic systems, integral and integro-differential systems, Monte Carlo and perturbation methods, and inverse problems.</subfield>
  </datafield>
  <datafield tag="650" ind1=" " ind2=" ">
   <subfield code="a">Heat,Numerical analysis,Sức nóng,Phân tích số</subfield>
  </datafield>
  <datafield tag="650" ind1=" " ind2=" ">
   <subfield code="x">Transmission,Measurement,Sự chuyển giao,Sự đo lường</subfield>
  </datafield>
  <datafield tag="904" ind1=" " ind2=" ">
   <subfield code="i">huong, Tuyến</subfield>
  </datafield>
  <datafield tag="980" ind1=" " ind2=" ">
   <subfield code="a">Trung tâm Học liệu Trường Đại học Cần Thơ</subfield>
  </datafield>
 </record>
</collection>
